20 More Awkward Questions For Fictional Characters Quiz Stats

 Plays Quiz Updated Mar 7, 2016

Score 0/20 Timer 06:00
1 Play Today
% Correct
Pinocchio
98.9%
Frodo Baggins
96%
Harry Potter
91.7%
Clarice Starling
80.1%
Hamlet
79.4%
Veruca Salt
76.7%
Mark Watney
70.9%
Ishmael
68.4%
Scarlett O'Hara
67.8%
Hester Prynne
65%
% Correct
Snowball
64.6%
Jim Hawkins
62.1%
Tom Joad
53.8%
Violet Baudelaire
51.5%
Scout Finch
48.9%
d'Artagnan
46.4%
Catherine Earnshaw
43.9%
Anne Shirley
40.5%
Tess Durbeyfield
29.1%
Daisy Miller
28.9%

You're not logged in!

Compare scores with friends on all Sporcle quizzes.
OR
Log In

You Might Also Like...

Show Comments

Extras

Top Quizzes Today


Score Distribution

Your Account Isn't Verified!

In order to create a playlist on Sporcle, you need to verify the email address you used during registration. Go to your Sporcle Settings to finish the process.

Report this User

Report this user for behavior that violates our Community Guidelines.

Details: